Desegregation, racial attitudes, and intergroup contact : a discussion of change (Record no. 65808)

MARC details
000 -CABECERA
campo de control de longitud fija 00649nam a2200229 a 4500
005 - FECHA Y HORA DE LA ÚLTIMA TRANSACCIÓN
campo de control 20210219153009.0
008 - ELEMENTOS DE LONGITUD FIJA--INFORMACIÓN GENERAL
campo de control de longitud fija 991125n 000 0 u
035 ## - NÚMERO DE CONTROL DEL SISTEMA
Número de control de sistema UPN01000072042
100 ## - ASIENTO PRINCIPAL--NOMBRE PERSONAL
Nombre de persona Grant, Carl A
222 ## - TÍTULO CLAVE
Título clave PHI DELTA KAPPAN
245 ## - MENCIÓN DE TÍTULO
Título Desegregation, racial attitudes, and intergroup contact : a discussion of change
300 ## - DESCRIPCIÓN FÍSICA
Extensión 25-32
362 ## - FECHAS DE PUBLICACIÓN Y/O DESIGNACIÓN SECUENCIAL
Fecha de publicación y/o designación secuencial 72, No. 1, 1990
505 ## - NOTA DE CONTENIDO CON FORMATO PREESTABLECIDO
Nota de contenido con formato Enero 1991
653 0# - TERMINO DE INDIZACION - NO CONTROLADO
Término no controlado DESEGREGACION ESCOLAR
653 0# - TERMINO DE INDIZACION - NO CONTROLADO
Término no controlado DESEGREGACION RACIAL
653 0# - TERMINO DE INDIZACION - NO CONTROLADO
Término no controlado DISCRIMINACION RACIAL
653 0# - TERMINO DE INDIZACION - NO CONTROLADO
Término no controlado EDUCACION MULTICULTURAL
653 0# - TERMINO DE INDIZACION - NO CONTROLADO
Término no controlado INTEGRACION SOCIAL
904 ## - ELEMENTOS DE DATOS D LOCAL, LDD (RLIN)
a AC
b 009853
905 ## - TIPO DE MATERIAL
Tipo de material Articulo

No items available.